<?xml version="1.0" encoding="UTF-8"?><?xml-stylesheet type="text/xsl" href="static/style.xsl"?><OAI-PMH xmlns="http://www.openarchives.org/OAI/2.0/" xmlns:xsi="http://www.w3.org/2001/XMLSchema-instance" xsi:schemaLocation="http://www.openarchives.org/OAI/2.0/ http://www.openarchives.org/OAI/2.0/OAI-PMH.xsd"><responseDate>2026-06-29T07:52:22Z</responseDate><request verb="GetRecord" identifier="oai:docta.ucm.es:20.500.14352/45815" metadataPrefix="marc">https://docta.ucm.es/rest/oai/request</request><GetRecord><record><header><identifier>oai:docta.ucm.es:20.500.14352/45815</identifier><datestamp>2023-08-24T10:41:41Z</datestamp><setSpec>com_20.500.14352_14</setSpec><setSpec>col_20.500.14352_20</setSpec></header><metadata><record xmlns="http://www.loc.gov/MARC21/slim" xmlns:dcterms="http://purl.org/dc/terms/" xmlns:xsi="http://www.w3.org/2001/XMLSchema-instance" xmlns:doc="http://www.lyncode.com/xoai" xsi:schemaLocation="http://www.loc.gov/MARC21/slim http://www.loc.gov/standards/marcxml/schema/MARC21slim.xsd">
   <leader>00925njm 22002777a 4500</leader>
   <datafield ind2=" " ind1=" " tag="042">
      <subfield code="a">dc</subfield>
   </datafield>
   <datafield ind2=" " ind1=" " tag="720">
      <subfield code="a">Sánchez-Calero Guilarte, Juan</subfield>
      <subfield code="e">author</subfield>
   </datafield>
   <datafield ind2=" " ind1=" " tag="260">
      <subfield code="c">2010-04-28</subfield>
   </datafield>
   <datafield ind2=" " ind1=" " tag="520">
      <subfield code="a">Se abordan los problemas normativos que vienen acompañando el debate en torno a la retribución de los consejeros. Se analiza la evolución del ordenamiento español, desde la incorporación en el Código Unificado de Buen Gobierno de ciertas Recomendaciones europeas, hasta la opción normativa que plasma el Proyecto de Ley de Economía Sostenible. Se pasa a imponer a toda sociedad cotizada la elaboración del Informe Anual de Retribuciones y su votación consultiva en la junta general.
Regulation problems coming along with the discussion on remuneration of directors are herein assessed. The evolution of the Spanish legal system is studied from the incorporation of certain European Recommendations in the Corporate Governance Unified Code up to the regulatory option expressed in the Sustainable Economy Bill. The drafting of an Annual Report on Remuneration and the casting of consultative votes at the Shareholders’ Meeting would be mandatory for every listed company.</subfield>
   </datafield>
   <datafield ind1="8" ind2=" " tag="024">
      <subfield code="a">https://hdl.handle.net/20.500.14352/45815</subfield>
   </datafield>
   <datafield ind2="0" ind1="0" tag="245">
      <subfield code="a">Norma y autorregulación en la configuración del régimen retributivo de los consejeros</subfield>
   </datafield>
</record></metadata></record></GetRecord></OAI-PMH>